000 00589nam a2200193 a 4500
001 000044595
005 20240412074303.0
008 140721s20uu dr r 000 p spa d
040 _aDO-SdBNP
_bspa
_cBNPHU
082 _aRD861.44
_bD542i
100 1 _aDíaz, Freddy Alberto
_972626
245 1 0 _aIlusiones calladas /
_cFreddy Alberto Díaz.
260 _a[Santo Domingo] :
_b[s. n.],
_c[20--?].
300 _a83 p. ;
_c22 cm.
590 _aInventariado, 2018/BT
650 0 _aPoesía dominicana
_966
650 0 _aLiteratura dominicana.
_967
910 _aValidado. Control de caldiad. MFF
999 _c44084
_d44084